00412nam a2200133Ia 4500082002000000245004800020260006000068300001000128650001900138650003200157650003400189650003300223700002200256 a305.409599 FIL; 0aFilipino women in focus: a book of readings aBangkokbUniversity of Philippines and Unesco PROc1989 a339p. aWomen's status aWomen studies - Philippines aWomen employees - Philippines aWomen's rights - Philippines aTorres, Amaryllis